000 02126nam0a2200409 4500
001 RU\NLR\bibl\1681928
005 20260405192252.0
010 _a978-5-98998-015-4
_91000
021 _aRU
_b2010-66923
_94396
035 _a(nilc)RSL-KNO-004726184
035 _a(LIBNET)RSL-KNO-004707842
035 _aRSL-KNO-004707842
035 _a(NLR Aleph) 001673122
090 _a1054089
_c1054089
100 _a20100712d2010 |||y0rusy50 ca
101 0 _arus
102 _aRU
105 _ay zzzz|||||
200 1 _aКант и немецкая философия XX века
_eмонография
_fА. В. Кучеренко
210 _aКурск
_cКФ ОрЮИ
_d2010
215 _a357 с.
_d20
320 _aБиблиогр. в подстроч. примеч.
600 1 _aКант
_bИ.
_f1724 - 1804
_gИммануил
_xФилософские взгляды
_92082381
_3RU\NLR\auth\661258404
606 1 _aФилософия немецкая
_xИстория
_z20 в.
_92338590
_3RU\NLR\auth\661398019
610 0 _aФилософия -- История философии -- Философия Германии -- Новая немецкая философия (XVII - I пол. XIX в.) -- Классическая немецкая идеалистическая философия -- Кант Иммануил (1724-1804) - философ -- Литература о философском учении -- Философ и последующая философия
610 0 _aФилософия -- История философии -- Философия Германии -- Новейшая немецкая философия (II пол. XIX-XX в.)
686 _aЮ3(4Г)5-563.1-33,0
_2rubbk
686 _aЮ3(4Г)6,0
_2rubbk
686 _aЮ3(4Г)5-563.1
686 _aЮ3(4Г)6
700 1 _4070
_7ca
_8rus
_aКучеренко
_bА. В.
_cканд. филос. наук
_gАлександр Владимирович
_967113
_3RU\NLR\auth\7784185
801 0 _aRU
_bРГБ
_c20100712
_grcr
801 1 _aRU
_bРГБ
_c20100712
801 2 _aRU
_bNLR
_c20101005
_grcr
942 _cBOOK
980 _aNB